000
00280nam a22001337a 4500
008
181122b xxu||||| |||| 00| 0 eng d
020
_a
9780030520648
041
_a
eng
080
_a
821
100
_a
22
101
_a
GJL
245
_a
Literature
_c
Withrop, J
942
_2
udc
_c
BK
999
_c
52387
_d
52387